Sociology Work and Indurstry (Record no. 1895)

MARC details
000 -LEADER
fixed length control field 00347nam a22001337a 4500
008 - FIXED-LENGTH DATA ELEMENTS--GENERAL INFORMATION
fixed length control field 250108b |||||||| |||| 00| 0 eng d
020 ## - INTERNATIONAL STANDARD BOOK NUMBER
ISBN 9788189922603
100 ## - MAIN ENTRY--AUTHOR
Author Sharma Lalita
245 ## - TITLE STATEMENT
Title Sociology Work and Indurstry
260 ## - PUBLICATION, DISTRIBUTION, ETC. (IMPRINT)
Place of publication India
Name of publisher Venus Books Publishers & Distributors
Date of publication 2014
300 ## - COLLATION
Pagination 283
942 ## - ADDED ENTRY ELEMENTS (KOHA)
Item type Books
050 ## - LIBRARY OF CONGRESS CALL NUMBER
Classification number HD 6955
Item number .S53
Holdings
Source of classification or shelving scheme Not for loan Permanent location Current location Date acquired Accession No. Full call number Barcode. Koha item type
Library of Congress Classification   Samuel Ogbemudia Main Library, University of Abuja Samuel Ogbemudia Main Library, University of Abuja 01/08/2025 2018-51651 HD 6955.S53 2025-0031 Books